Faktory ovplyvňujúce členstvo hotelov v značkových sieťach

Monitoring 40 hotelov v Bratislave a definovanie kritérií, ktoré determinujú vstup hotelov do značkových hotelových sietí. Výsledky monitoringu. Vzťah veľkosti hotela a jeho začlenenia do hotelového reťazca. Vzťah právnej formy vlastníkov hotelov a ich začlenenia do hotelových reťazcov. Vzťah medzi...

Full description

Saved in:
Bibliographic Details
Main Author: Veszprémi Sirotková, Anna, 1966-
Format: Book Chapter
Language:Slovak
Subjects:
Tags: Add Tag
No Tags, Be the first to tag this record!

MARC

LEADER 00000naa a2200000 4500
001 0172167
005 20240502072943.4
041 0 |a slo 
044 |a SK 
245 1 0 |a Faktory ovplyvňujúce členstvo hotelov v značkových sieťach  |c Anna Sirotková 
520 |a Monitoring 40 hotelov v Bratislave a definovanie kritérií, ktoré determinujú vstup hotelov do značkových hotelových sietí. Výsledky monitoringu. Vzťah veľkosti hotela a jeho začlenenia do hotelového reťazca. Vzťah právnej formy vlastníkov hotelov a ich začlenenia do hotelových reťazcov. Vzťah medzi krajinou pôvodu vlastníkov hotelov a začlenením do reťazcov. 
610 2 0 |a hotely 
610 2 0 |a značky kvality 
610 2 0 |a kvalita 
100 1 |a Veszprémi Sirotková, Anna, 1966-